Rechtliche und soziale Prozesse einer Definition der Tötungskriminalität
| Main Author: | |
|---|---|
| Format: | Print Book |
| Language: | German English |
| Published: |
Freiburg [Breisgau]
Max-Planck-Inst. für Ausländ. u. Internat. Strafrecht
1981
|
| In: |
Kriminologische Forschungsberichte aus dem Max-Planck-Institut für Ausländisches und Internationales Strafrecht (3)
Year: 1981 |
| Availability in Tübingen: | Present in Tübingen. IFK: S LXXV 3 UB: 23 A 10917 |
| Check availability: | HBZ Gateway |
| Subito Delivery Service: | Order now. |
| Keywords: | |
| Parallel Edition: | Electronic
|
MARC
| LEADER | 00000cam a2200000 c 4500 | ||
|---|---|---|---|
| 001 | 02422989X | ||
| 003 | DE-627 | ||
| 005 | 20260206200358.0 | ||
| 007 | tu | ||
| 008 | 710101s1981 gw ||||| m 00| ||ger c | ||
| 015 | |a 81,N17,0077 |2 dnb | ||
| 015 | |a 82,B05,0319 |2 dnb | ||
| 016 | 7 | |a 820222224 |2 DE-101 | |
| 020 | |a 3922498027 |9 3-922498-02-7 | ||
| 035 | |a (DE-627)02422989X | ||
| 035 | |a (DE-603)052086488 | ||
| 035 | |a (DE-576)008252041 | ||
| 035 | |a (DE-599)GBV02422989X | ||
| 035 | |a (OCoLC)9575782 | ||
| 035 | |a (OCoLC)310700284 | ||
| 035 | |a (OCoLC)09575782 | ||
| 035 | |a (DE-H357)his3647 | ||
| 040 | |a DE-627 |b ger |c DE-627 |e rakwb | ||
| 041 | |a ger |a eng | ||
| 044 | |c XA-DE | ||
| 082 | 0 | |a 345/.02523 |q OCLC | |
| 082 | 0 | |a 342.52523 |q OCLC | |
| 082 | 0 | |a 345.02523 |a 342.52523 |2 DDC19oclc | |
| 084 | |a 19 |a 14 |2 sdnb | ||
| 084 | |a 2,1 |2 ssgn | ||
| 084 | |a PH 8720 |2 rvk |0 (DE-625)rvk/136516: | ||
| 100 | 1 | |a Sessar, Klaus |d 1937- |0 (DE-588)108161595 |0 (DE-627)523623135 |0 (DE-576)163046441 |4 aut | |
| 109 | |a Sessar, Klaus 1937- |a Sessar, K. 1937- | ||
| 245 | 1 | 0 | |a Rechtliche und soziale Prozesse einer Definition der Tötungskriminalität |c von Klaus Sessar |
| 264 | 1 | |a Freiburg [Breisgau] |b Max-Planck-Inst. für Ausländ. u. Internat. Strafrecht |c 1981 | |
| 300 | |a XVI, 261 S. |b graph. Darst. | ||
| 336 | |a Text |b txt |2 rdacontent | ||
| 337 | |a ohne Hilfsmittel zu benutzen |b n |2 rdamedia | ||
| 338 | |a Band |b nc |2 rdacarrier | ||
| 490 | 1 | |a Kriminologische Forschungsberichte aus dem Max-Planck-Institut für Ausländisches und Internationales Strafrecht, Freiburg i.Br. |v 3 | |
| 500 | |a Literaturverz. S. 228 - 238 | ||
| 500 | |a Zsfassung. in dt. und engl. Sprache | ||
| 502 | |a Zugl.: Freiburg (Breisgau), Univ., Habil.-Schr., 1979/80 | ||
| 583 | 1 | |a Archivierung/Langzeitarchivierung gewährleistet |f SSG |x XA-DE-BW |2 pdager |5 DE-21 | |
| 650 | 0 | 7 | |0 (DE-588)4128665-0 |0 (DE-627)105715662 |0 (DE-576)209604034 |a Kriminalsoziologie |2 gnd |
| 650 | 0 | 7 | |0 (DE-588)4060336-2 |0 (DE-627)106139886 |0 (DE-576)209134887 |a Tötung |2 gnd |
| 650 | 0 | 7 | |0 (DE-588)4148989-5 |0 (DE-627)10556463X |0 (DE-576)209769009 |a Definition |2 gnd |
| 650 | 4 | |a Kriminologie | |
| 650 | 4 | |a Tötungskriminalität | |
| 650 | 4 | |a Mord | |
| 655 | 7 | |a Hochschulschrift |0 (DE-588)4113937-9 |0 (DE-627)105825778 |0 (DE-576)209480580 |2 gnd-content | |
| 689 | 0 | 0 | |d s |0 (DE-588)4060336-2 |0 (DE-627)106139886 |0 (DE-576)209134887 |a Tötung |2 gnd |
| 689 | 0 | 1 | |d s |0 (DE-588)4148989-5 |0 (DE-627)10556463X |0 (DE-576)209769009 |a Definition |2 gnd |
| 689 | 0 | 2 | |d s |0 (DE-588)4128665-0 |0 (DE-627)105715662 |0 (DE-576)209604034 |a Kriminalsoziologie |2 gnd |
| 689 | 0 | |5 (DE-627) | |
| 751 | |a Freiburg im Breisgau |0 (DE-588)4018272-1 |0 (DE-627)106326686 |0 (DE-576)208923535 |4 uvp | ||
| 776 | 0 | 8 | |i Elektronische Reproduktion |a Sessar, Klaus, 1937 - |t Rechtliche und soziale Prozesse einer Definition der Tötungskriminalität |d Freiburg/Breisgau : Max-Planck-Institut für ausländisches und internationales Strafrecht, 1981 |w (DE-627)1807811107 |k Electronic |
| 810 | 2 | |a Max-Planck-Institut für Ausländisches und Internationales Strafrecht |t Kriminologische Forschungsberichte aus dem Max-Planck-Institut für Ausländisches und Internationales Strafrecht |v 3 |9 3 |w (DE-627)130297623 |w (DE-576)007924828 |w (DE-600)579686-6 |7 am | |
| 889 | |w (DE-627)441088422 | ||
| 935 | |i Blocktest | ||
| 936 | r | v | |a PH 8720 |b Mord; Totschlag; Körperverletzung im Allgemeinen |k Rechtswissenschaft |k Strafrecht, Strafverfahrensrecht, Kriminologie |k Kriminologie |k Einzelne Deliktsgruppen |k Gewaltkriminalität, Gewaltdelikt |k Mord; Totschlag; Körperverletzung im Allgemeinen |0 (DE-627)1272237931 |0 (DE-625)rvk/136516: |0 (DE-576)202237931 |
| 936 | s | n | |a p100 |2 mzub |
| 936 | s | n | |a m200 |2 mzub |
| 951 | |a BO | ||
| ELC | |b 1 | ||
| LOK | |0 000 xxxxxcx a22 zn 4500 | ||
| LOK | |0 001 3162266092 | ||
| LOK | |0 003 DE-627 | ||
| LOK | |0 004 02422989X | ||
| LOK | |0 005 20020307000000 | ||
| LOK | |0 008 941019||||||||||||||||ger||||||| | ||
| LOK | |0 040 |a DE-21 |c DE-627 |d DE-21 | ||
| LOK | |0 852 |a DE-21 | ||
| LOK | |0 852 1 |c 23 A 10917 |9 00 | ||
| LOK | |0 935 |a comp |a konv | ||
| LOK | |0 939 |a 19-10-94 |b l01 | ||
| LOK | |0 000 xxxxxcx a22 zn 4500 | ||
| LOK | |0 001 3162266181 | ||
| LOK | |0 003 DE-627 | ||
| LOK | |0 004 02422989X | ||
| LOK | |0 005 20150319152259 | ||
| LOK | |0 008 940726||||||||||||||||ger||||||| | ||
| LOK | |0 040 |a DE-21-110 |c DE-627 |d DE-21-110 | ||
| LOK | |0 689 |a s |a Suizid | ||
| LOK | |0 689 |a s |a Definitionstheorien | ||
| LOK | |0 689 |a s |a Tötungskriminalität | ||
| LOK | |0 689 |a s |a Staatsanwaltschaft | ||
| LOK | |0 689 |a s |a Tötungsdelikte | ||
| LOK | |0 689 |a s |a Kriminalstatistik | ||
| LOK | |0 689 |a s |a Verlaufsstatistik | ||
| LOK | |0 852 |a DE-21-110 | ||
| LOK | |0 852 1 |c S LXXV 3 |m p |9 00 | ||
| LOK | |0 935 |a k110 | ||
| LOK | |0 936ln |a 10.8 | ||
| LOK | |0 938 |k p | ||
| LOK | |0 939 |a 26-07-94 |b l01 | ||
| LOK | |0 000 xxxxxcx a22 zn 4500 | ||
| LOK | |0 001 316226717X | ||
| LOK | |0 003 DE-627 | ||
| LOK | |0 004 02422989X | ||
| LOK | |0 005 19921111000000 | ||
| LOK | |0 008 921111||||||||||||||||ger||||||| | ||
| LOK | |0 040 |a DE-Frei85 |c DE-627 |d DE-Frei85 | ||
| LOK | |0 852 |a DE-Frei85 | ||
| LOK | |0 852 1 |m p |9 00 | ||
| LOK | |0 938 |k p | ||
| LOK | |0 939 |a 11-11-92 |b l01 | ||
| ORI | |a SA-MARC-krimdoka001.raw | ||
| SIG | |a IFK: S LXXV 3 | ||
| SIG | |a UB: 23 A 10917 | ||
